000 01405nam a22003255i 4500
001 150975
003 ES-MaACL
005 20240613093836.0
007 t|
008 071123s2007 sp ||||1| spa d
020 _a978-84-672-2366-8 (Círculo de Lectores)
020 _a978-84-8109-648-4(Galaxia Gutenberg)
080 _a821.134.2-31"19"
100 1 _aAyala, Francisco,
_d1906-2009
_924111
245 1 0 _aObras completas /
_cFrancisco Ayala ; edición de Carolyn Richmond ; con la colaboración de la Fundación Francisco Ayala.
260 _aBarcelona :
_bGalaxia Gutenberg,
_c2007-
300 _a5 v. ;
_c21 cm.
490 1 _aOpera mundi
500 _aÍndices.
505 8 _aContiene: I. Narrativa / edición y prólogo de Carolyn Richmond .- II. Autobriografía(s) / prólogo de Luis García Montero.- III. Estudios literarios / prólogo de Ricardo Senabre. - IV. Sociología y ciencias sociales / prólogo de Salvador Giner. - V. Ensayos políticos y sociológicos / prólogo de Pedro Cerezo Galán
700 1 _aRichmond, Carolyn.
_996962
700 1 _aSenabre, Ricardo.
_9105434
700 1 _aGiner, Salvador.
_957117
700 0 _aCerezo Galán, Pedro,
_d1935-
_937504
700 1 _aGarcía Montero, Luis,
_d1958-
_954978
710 2 _aFundación Francisco Ayala.
_94309
830 0 _aOpera mundi
_9180669
852 4 _aES-MaACL
_jP-1997
999 _c150975
_d150975